|
|
|
|
| LEADER |
00000nab a2200000 a 4500 |
| 001 |
vtls010319255 |
| 003 |
SK-MaSNL |
| 005 |
20260303191602.0 |
| 008 |
231006|2002 xo |r||||||||||00 b|slo |
| 015 |
|
|
|a SNBRB2011/09
|2 snkbucl
|
| 038 |
|
|
|a SNKBUCL
|
| 040 |
|
|
|a SNKBUCL
|b slo
|e AACR2
|c SNKBUCL
|
| 041 |
0 |
|
|a slo
|
| 044 |
|
|
|a xo
|c SK
|
| 080 |
|
|
|a 821(100)
|2 2001
|
| 100 |
1 |
|
|a Cabadaj, Peter,
|d 1966-
|4 aut
|9 98153
|
| 245 |
1 |
0 |
|a Do vašej pozornosti
|b (z ponuky vydavateľstva Knižné centrum)
|c Peter Cabadaj
|
| 246 |
3 |
3 |
|a Igor Válek - Malý lexikón literárnych diel
|
| 300 |
|
|
|b Fotogr.
|
| 650 |
0 |
7 |
|a literárne diela
|2 snkbucl
|9 64194
|
| 650 |
0 |
7 |
|a svetová literatúra
|2 snkbucl
|9 1433
|
| 650 |
0 |
7 |
|a lexikóny
|2 snkbucl
|9 284067
|
| 655 |
|
7 |
|a recenzie
|2 snkbucl
|9 21907
|
| 773 |
0 |
|
|t Knižnica
|g Roč. 3, č. 7-8 (2002), s. 370-371
|x 1335-7026
|
| 787 |
0 |
8 |
|i Rec.:
|a Válek, Igor
|t Malý lexikón literárnych diel : svetoví autori
|d Žilina : Knižné centrum, 2002
|z 8080641366
|
| 852 |
|
|
|a SNK
|b KIS3GCP
|
| 856 |
4 |
1 |
|u http://www.snk.sk/images/snk/NBU/Kniznica/7_8_2002/370.pdf
|
| 958 |
|
|
|a RC
|
| 958 |
|
|
|a LX
|
| 958 |
|
|
|a OND
|
| 958 |
|
|
|a EUIPO
|
| 999 |
|
|
|c 2141921
|d 2143851
|